[Event "Nepomuk 3rd"]
[Site "Nepomuk"]
[Date "2023.09.09"]
[Round "9"]
[White "Soural, Jan"]
[Black "Perkampus, Laurin"]
[Result "1/2-1/2"]
[WhiteElo "2210"]
[BlackElo "2144"]
[PlyCount "46"]
[EventDate "2023.08.31"]
[EventType "tourn"]
[EventRounds "9"]
[EventCountry "CZE"]
[SourceTitle "EXT 2024"]
[Source "ChessBase"]
[SourceDate "2023.10.10"]
[SourceVersion "1"]
[SourceVersionDate "2023.10.10"]
[SourceQuality "1"]

1. Nf3 Nf6 2. c4 g6 3. Nc3 Bg7 4. g3 0-0 5. Bg2 c5 6. 0-0 d5 7. cxd5 Nxd5 8. Nxd5 Qxd5 9. d4 cxd4 10. Be3 d3 11. Ne1 Qa5 12. Nxd3 Nc6 13. Qd2 Qxd2 14. Bxd2 Nd4 15. Nf4 e5 16. Nd5 Nxe2+ 17. Kh1 Nd4 18. Bb4 Rd8 19. Be7 Re8 20. Nc7 Rxe7 21. Nxa8 e4 22. Rac1 Nc6 23. b4 Bg4 1/2-1/2

[Event "Nepomuk 3rd"]
[Site "Nepomuk"]
[Date "2023.09.06"]
[Round "6"]
[White "Kopriva, Martin"]
[Black "Soural, Jan"]
[Result "1/2-1/2"]
[WhiteElo "2129"]
[BlackElo "2210"]
[PlyCount "81"]
[EventDate "2023.08.31"]
[EventType "tourn"]
[EventRounds "9"]
[EventCountry "CZE"]
[SourceTitle "EXT 2024"]
[Source "ChessBase"]
[SourceDate "2023.10.10"]
[SourceVersion "1"]
[SourceVersionDate "2023.10.10"]
[SourceQuality "1"]

1. d4 Nf6 2. c4 g6 3. Nc3 d5 4. cxd5 Nxd5 5. Bd2 Bg7 6. e4 Nxc3 7. Bxc3 0-0 8. Qd2 Qd6 9. f4 Rd8 10. Nf3 Bg4 11. Ne5 Bc8 12. Bc4 e6 13. Rd1 Nd7 14. Ng4 Nb6 15. Bb3 f5 16. Nf2 Bd7 17. Bb4 Qc6 18. Rc1 Qb5 19. Rc5 Qa6 20. exf5 gxf5 21. Rxf5 Nd5 22. Rg5 Kh8 23. Bc3 Bb5 24. Bc2 Rf8 25. Nd3 Rad8 26. 0-0 Qxa2 27. b3 Nxc3 28. Rxg7 Kxg7 29. Qxc3 Bxd3 30. Qxc7+ Rf7 31. Qe5+ Kg8 32. Qg5+ Bg6 33. Bxg6 hxg6 34. Qxd8+ Kg7 35. Qb8 Qxb3 36. Qe5+ Kh7 37. Rf3 Qb1+ 38. Kf2 Qc2+ 39. Kf1 Qd1+ 40. Kf2 Qc2+ 41. Kf1 1/2-1/2

[Event "Plzen Calliditas op"]
[Site "Plzen"]
[Date "2023.08.21"]
[Round "3"]
[White "Chudek, Lubomir"]
[Black "Soural, Jan"]
[Result "0-1"]
[WhiteElo "1748"]
[BlackElo "2210"]
[PlyCount "74"]
[EventDate "2023.08.19"]
[EventType "swiss"]
[EventRounds "9"]
[EventCountry "CZE"]
[SourceTitle "EXT 2024"]
[Source "ChessBase"]
[SourceDate "2023.10.10"]
[SourceVersion "1"]
[SourceVersionDate "2023.10.10"]
[SourceQuality "1"]

1. e4 c5 2. Nf3 Nc6 3. d4 cxd4 4. Nxd4 g6 5. Nxc6 bxc6 6. Qd4 Nf6 7. e5 Nd5 8. e6 Nf6 9. exf7+ Kxf7 10. Be2 Ba6 11. Nc3 Bxe2 12. Nxe2 Bg7 13. 0-0 d5 14. Qh4 Qd7 15. Bh6 Rab8 16. Bxg7 Kxg7 17. b3 Qg4 18. Qxg4 Nxg4 19. Nd4 c5 20. Ne6+ Kf7 21. Nxc5 Rhc8 22. Nd7 Rb7 23. h3 Rxd7 24. hxg4 Rxc2 25. Rfc1 Rdc7 26. Rxc2 Rxc2 27. b4 Rc4 28. b5 Rxg4 29. a4 Rb4 30. Kf1 Ke6 31. Ke2 Kd6 32. Kd3 Rb2 33. Ke3 Rb4 34. Kd3 e5 35. f3 Kc5 36. Re1 e4+ 37. fxe4 dxe4+ 0-1

[Event "Pardubice Czech op-A 34th"]
[Site "Pardubice"]
[Date "2023.07.29"]
[Round "9"]
[White "Malek, Daniel"]
[Black "Soural, Jan"]
[Result "1/2-1/2"]
[WhiteElo "2322"]
[BlackElo "2176"]
[PlyCount "106"]
[EventDate "2023.07.21"]
[EventType "swiss"]
[EventRounds "9"]
[EventCountry "CZE"]
[SourceTitle "CBM 215 Extra"]
[Source "ChessBase"]
[SourceDate "2023.09.30"]
[SourceVersion "1"]
[SourceVersionDate "2023.09.30"]
[SourceQuality "1"]

1. e4 c5 2. Nf3 g6 3. c3 Nf6 4. e5 Nd5 5. d4 cxd4 6. cxd4 Bg7 7. Bc4 Nb6 8. Bb3 0-0 9. h4 d5 10. h5 Bg4 11. hxg6 fxg6 12. Bh6 Bxh6 13. Rxh6 Bxf3 14. gxf3 e6 15. Qd2 Rxf3 16. Nc3 Qf8 17. 0-0-0 Rxf2 18. Qg5 Qf4+ 19. Qxf4 Rxf4 20. Rdh1 Nc6 21. Rxh7 Rf1+ 22. Rxf1 Kxh7 23. Ne2 Kg7 24. Rf6 Rf8 25. Rxe6 Rf1+ 26. Kd2 Rf2 27. Re8 Nxd4 28. Ke3 Rxe2+ 29. Kxd4 Re4+ 30. Kd3 Kf7 31. Rb8 Rxe5 32. Rxb7+ Re7 33. Rb8 Kf6 34. Rf8+ Rf7 35. Rd8 Ke5 36. Re8+ Kf4 37. a4 g5 38. a5 Nc4 39. Bxc4 dxc4+ 40. Kxc4 g4 41. b4 g3 42. b5 g2 43. Rg8 Kf3 44. Kc5 Rf4 45. Rxg2 Kxg2 46. Kc6 Rf5 47. a6 Kf3 48. b6 Rf6+ 49. Kb7 Rf7+ 50. Kc6 Rf6+ 51. Kb7 Rf7+ 52. Kc6 Rf6+ 53. Kb7 Rf7+ 1/2-1/2

[Event "Pardubice Czech op-A 34th"]
[Site "Pardubice"]
[Date "2023.07.27"]
[Round "7"]
[White "Cerveny, Petr"]
[Black "Soural, Jan"]
[Result "1/2-1/2"]
[WhiteElo "2308"]
[BlackElo "2176"]
[PlyCount "33"]
[EventDate "2023.07.21"]
[EventType "swiss"]
[EventRounds "9"]
[EventCountry "CZE"]
[SourceTitle "CBM 215 Extra"]
[Source "ChessBase"]
[SourceDate "2023.09.30"]
[SourceVersion "1"]
[SourceVersionDate "2023.09.30"]
[SourceQuality "1"]

1. e4 c5 2. Nf3 g6 3. c3 d5 4. exd5 Qxd5 5. d4 Bg7 6. Na3 cxd4 7. Bc4 Qe4+ 8. Be3 Nh6 9. cxd4 0-0 10. Nb5 Nf5 11. Nc7 Nc6 12. Nxa8 Ncxd4 13. Bd3 Nxf3+ 14. gxf3 Qe5 15. Qe2 Be6 16. 0-0 Rxa8 17. Rfd1 1/2-1/2

[Event "Pardubice Czech op-A 34th"]
[Site "Pardubice"]
[Date "2023.07.23"]
[Round "3"]
[White "Holtel, Jasper"]
[Black "Soural, Jan"]
[Result "1-0"]
[WhiteElo "2353"]
[BlackElo "2176"]
[PlyCount "85"]
[EventDate "2023.07.21"]
[EventType "swiss"]
[EventRounds "9"]
[EventCountry "CZE"]
[SourceTitle "CBM 215 Extra"]
[Source "ChessBase"]
[SourceDate "2023.09.30"]
[SourceVersion "1"]
[SourceVersionDate "2023.09.30"]
[SourceQuality "1"]

1. c4 g6 2. g3 c5 3. Bg2 Bg7 4. Nc3 Nc6 5. Nf3 d6 6. 0-0 Qd7 7. e3 b6 8. d4 Bb7 9. d5 Na5 10. Qd3 a6 11. b3 b5 12. Rb1 Nf6 13. e4 Qc7 14. cxb5 0-0 15. b6 Qxb6 16. Be3 Qc7 17. Rfc1 Ng4 18. Bd2 Bc8 19. h3 Ne5 20. Nxe5 Bxe5 21. Nd1 Bd7 22. Ne3 Bb5 23. Qc2 Rfc8 24. Qd1 Qd8 25. Kh2 Bg7 26. a4 Be8 27. Qe1 Nb7 28. Nc4 Rcb8 29. Rd1 e5 30. dxe6 fxe6 31. Bc3 Ra7 32. Bxg7 Kxg7 33. Nxd6 Nxd6 34. e5 Rd7 35. exd6 Rb6 36. Qe5+ Kg8 37. Qxc5 Rdxd6 38. Rxd6 Qxd6 39. Qc2 Qb4 40. Qc8 Kf7 41. Rc1 Rb8 42. Qxa6 Qxb3 43. a5 1-0

[Event "Pardubice rapid op 34th"]
[Site "Pardubice"]
[Date "2023.07.20"]
[Round "7"]
[White "Soural, Jan"]
[Black "Kojima, Shinya"]
[Result "1/2-1/2"]
[WhiteElo "2176"]
[BlackElo "2335"]
[PlyCount "143"]
[EventDate "2023.07.19"]
[EventType "swiss (rapid)"]
[EventRounds "9"]
[EventCountry "CZE"]
[SourceTitle "CBM 215 Extra"]
[Source "ChessBase"]
[SourceDate "2023.09.30"]
[SourceVersion "1"]
[SourceVersionDate "2023.09.30"]
[SourceQuality "1"]

1. c4 c6 2. Nf3 d5 3. e3 Nf6 4. Nc3 e6 5. Qc2 Bd6 6. b3 0-0 7. d4 Nbd7 8. Bb2 e5 9. cxd5 cxd5 10. dxe5 Nxe5 11. Be2 Be6 12. 0-0 Rc8 13. Qb1 Nfg4 14. g3 h5 15. Nxe5 Bxe5 16. Nb5 Bb8 17. Nd4 Bd7 18. Bd3 Re8 19. Bh7+ Kh8 20. Bf5 Be5 21. Bxd7 Qxd7 22. Nf3 Bxb2 23. Qxb2 Qf5 24. Nd4 Qe4 25. Rac1 h4 26. Rxc8 Rxc8 27. Rc1 Rxc1+ 28. Qxc1 g6 29. Qc2 Qe8 30. Nf3 hxg3 31. hxg3 Kg8 32. Kg2 a6 33. Qd3 Qe4 34. Qd4 Qf5 35. Qf4 Qxf4 36. gxf4 Kf8 37. Kf1 Ke7 38. Ke2 Kd6 39. Nd4 Kc5 40. f3 Nf6 41. Kd3 Ne8 42. Nc2 Nd6 43. e4 a5 44. Ne3 dxe4+ 45. fxe4 b5 46. Ng4 Kb4 47. Ne5 Ka3 48. Nc6 Nb7 49. f5 gxf5 50. exf5 Kxa2 51. Kc2 Ka3 52. Ne5 Nd6 53. Nc6 Nxf5 54. Nxa5 Kb4 55. Nc6+ Kc5 56. Ne5 Nd6 57. Kd3 Kd5 58. Nf3 Ne4 59. Nh4 Ke5 60. Ke3 Nc5 61. Nf3+ Kd5 62. Nd4 b4 63. Nc2 Na6 64. Kf4 Ke6 65. Nd4+ Kf6 66. Nc6 Ke6 67. Nd4+ Kd5 68. Nc2 Kc5 69. Kf5 Nc7 70. Nxb4 Kxb4 71. Kf6 Nd5+ 72. Kxf7 1/2-1/2

[Event "Pardubice rapid op 34th"]
[Site "Pardubice"]
[Date "2023.07.19"]
[Round "3"]
[White "Soural, Jan"]
[Black "Vodicka, Pavel"]
[Result "1/2-1/2"]
[WhiteElo "2176"]
[BlackElo "1960"]
[PlyCount "121"]
[EventDate "2023.07.19"]
[EventType "swiss (rapid)"]
[EventRounds "9"]
[EventCountry "CZE"]
[SourceTitle "CBM 215 Extra"]
[Source "ChessBase"]
[SourceDate "2023.09.30"]
[SourceVersion "1"]
[SourceVersionDate "2023.09.30"]
[SourceQuality "1"]

1. d4 d5 2. c4 c6 3. Nf3 Nf6 4. e3 e6 5. b3 Bd6 6. Bd3 Nbd7 7. Bb2 Qe7 8. Ne5 Nxe5 9. dxe5 Bb4+ 10. Nd2 Nd7 11. 0-0 f5 12. a3 Bxd2 13. Qxd2 dxc4 14. Bxc4 Nb6 15. Be2 Nd5 16. Rac1 Bd7 17. Bf3 0-0 18. Rfe1 Qg5 19. Qd4 Be8 20. b4 a6 21. Bxd5 exd5 22. Qf4 Qg6 23. Bd4 Bd7 24. h4 Rfe8 25. f3 Re6 26. Bc3 Qh6 27. Qd4 Rae8 28. Qf4 Rg6 29. Kf2 Qxf4 30. exf4 h5 31. Red1 Kf7 32. Be1 Ke6 33. g3 Rh6 34. Ke3 Rhh8 35. Kd4 Rb8 36. a4 b6 37. Bf2 Rhc8 38. Kc3 c5 39. Kb3 Bc6 40. Ka3 d4 41. bxc5 bxc5 42. Rxc5 Bd5 43. Rxc8 Rxc8 44. Bxd4 Rb8 45. Rd3 Rb1 46. a5 Bc4 47. Rc3 Kd5 48. Bb6 g6 49. Re3 Ke6 50. Bd4 Rb5 51. Ka4 Rb1 52. Rc3 Kd5 53. Bb6 Ra1+ 54. Kb4 Rb1+ 55. Ka3 Re1 56. Kb4 Rb1+ 57. Ka3 Re1 58. Kb4 Rb1+ 59. Ka3 Re1 60. Rc2 Re2 61. Rc1 1/2-1/2

[Event "Klatovy op-A 29th"]
[Site "Klatovy"]
[Date "2023.07.05"]
[Round "5"]
[White "Soural, Jan"]
[Black "Hurdzan, Tomas"]
[Result "1/2-1/2"]
[WhiteElo "2176"]
[BlackElo "2309"]
[PlyCount "62"]
[EventDate "2023.07.01"]
[EventType "swiss"]
[EventRounds "9"]
[EventCountry "CZE"]
[SourceTitle "CBM 215 Extra"]
[Source "ChessBase"]
[SourceDate "2023.09.30"]
[SourceVersion "1"]
[SourceVersionDate "2023.09.30"]
[SourceQuality "1"]

1. c4 Nf6 2. Nf3 g6 3. Nc3 Bg7 4. d4 d5 5. Bf4 0-0 6. Rc1 Be6 7. c5 Nh5 8. Bg3 c6 9. e3 Nxg3 10. hxg3 Bg4 11. Qb3 b6 12. cxb6 axb6 13. Be2 Nd7 14. 0-0 Qb8 15. Ne1 Bxe2 16. Nxe2 Qd6 17. Nc2 Rfc8 18. Rfd1 h5 19. a3 b5 20. Nf4 e5 21. dxe5 Bxe5 22. Nd4 Nb6 23. Nd3 Bf6 24. Qb4 Qd7 25. Nc5 Qe8 26. b3 Be7 27. a4 Nd7 28. Nxd7 Qxd7 29. Qc3 bxa4 30. bxa4 c5 31. Ne2 Qxa4 1/2-1/2

[Event "Klatovy op-A 29th"]
[Site "Klatovy"]
[Date "2023.07.01"]
[Round "1"]
[White "Soural, Jan"]
[Black "Vana, Jan1111"]
[Result "1-0"]
[WhiteElo "2176"]
[BlackElo "1890"]
[PlyCount "75"]
[EventDate "2023.07.01"]
[EventType "swiss"]
[EventRounds "9"]
[EventCountry "CZE"]
[SourceTitle "CBM 215 Extra"]
[Source "ChessBase"]
[SourceDate "2023.09.30"]
[SourceVersion "1"]
[SourceVersionDate "2023.09.30"]
[SourceQuality "1"]

1. c4 Nf6 2. Nf3 e6 3. g3 d5 4. Bg2 Be7 5. 0-0 0-0 6. d4 dxc4 7. Na3 c5 8. Nxc4 Nc6 9. dxc5 Bxc5 10. Nfe5 Nxe5 11. Nxe5 Qc7 12. Bf4 Nh5 13. Rc1 Nxf4 14. gxf4 Qe7 15. Qc2 Bb6 16. Rfd1 f6 17. Nc4 e5 18. Nxb6 axb6 19. Qc7 Qxc7 20. Rxc7 exf4 21. Rd6 Bg4 22. Bd5+ Kh8 23. f3 Bh3 24. Kf2 Rad8 25. Rxd8 Rxd8 26. Rxb7 h5 27. Be4 f5 28. Bd3 Rd6 29. a4 g5 30. b4 g4 31. a5 bxa5 32. bxa5 Rg6 33. Rb6 Rg7 34. Rh6+ Kg8 35. Rxh5 Ra7 36. Bxf5 g3+ 37. hxg3 fxg3+ 38. Kxg3 1-0

[Event "Pobeskydy Talents op 42nd"]
[Site "Frydek Mistek"]
[Date "2023.04.06"]
[Round "1"]
[White "Soural, Jan"]
[Black "Popovic, Martin"]
[Result "1-0"]
[WhiteElo "2172"]
[BlackElo "1990"]
[PlyCount "91"]
[EventDate "2023.04.06"]
[EventType "swiss"]
[EventRounds "9"]
[EventCountry "CZE"]
[SourceTitle "EXT 2024"]
[Source "ChessBase"]
[SourceDate "2023.10.10"]
[SourceVersion "1"]
[SourceVersionDate "2023.10.10"]
[SourceQuality "1"]

1. Nf3 d5 2. c4 d4 3. e3 c5 4. exd4 cxd4 5. d3 Nc6 6. g3 Nf6 7. Bg2 g6 8. 0-0 Bg7 9. Na3 0-0 10. Nc2 a5 11. Re1 Nd7 12. b3 Re8 13. Rb1 e5 14. Ng5 Nf6 15. a3 h6 16. Ne4 Nxe4 17. Bxe4 f5 18. Bg2 e4 19. dxe4 d3 20. Ne3 Bc3 21. Bd2 Bxd2 22. Qxd2 fxe4 23. Nd5 Bf5 24. Qxh6 Re6 25. Qf4 Nd4 26. h4 e3 27. Qxd4 d2 28. Rxe3 Rxe3 29. Qxe3 Bxb1 30. Qxd2 Ra6 31. Qe1 Bc2 32. Qc3 Bf5 33. Ne3 Qe7 34. Bd5+ Kh7 35. Nxf5 gxf5 36. Qf3 Rf6 37. Qh5+ Kg7 38. Qg5+ Kh7 39. Qg8+ Kh6 40. Qh8+ Kg6 41. Bf3 Kf7 42. Bd5+ Kg6 43. h5+ Kg5 44. f4+ Kg4 45. Qg8+ Kh3 46. Bg2# 1-0

[Event "CZE-chT2B 2223"]
[Site "Czech Republic"]
[Date "2023.01.22"]
[Round "7.2"]
[White "Soural, Jan"]
[Black "Krejcik, Jiri"]
[Result "0-1"]
[WhiteElo "2211"]
[BlackElo "2206"]
[PlyCount "210"]
[EventDate "2022.10.16"]
[EventType "team-tourn"]
[EventRounds "11"]
[EventCountry "CZE"]
[SourceTitle "EXT 2024"]
[Source "ChessBase"]
[SourceDate "2023.10.10"]
[SourceVersion "1"]
[SourceVersionDate "2023.10.10"]
[SourceQuality "1"]
[WhiteTeam "Pankrac II"]
[BlackTeam "Karlovy Vary"]
[WhiteTeamCountry "CZE"]
[BlackTeamCountry "CZE"]

1. d4 Nf6 2. c4 g6 3. Nc3 Bg7 4. e4 d6 5. Be2 0-0 6. Nf3 c5 7. 0-0 cxd4 8. Nxd4 Nc6 9. Be3 Bd7 10. Qd2 Nxd4 11. Bxd4 Bc6 12. f3 a5 13. Rab1 Nd7 14. Be3 Nc5 15. Rfc1 Qb6 16. b3 Rfc8 17. Rc2 Qb4 18. Qc1 Qb6 19. a3 Qd8 20. b4 axb4 21. axb4 Ne6 22. Rd2 b6 23. Bf1 Ra7 24. Rb3 Rca8 25. Qe1 Ra3 26. Rxa3 Rxa3 27. Nd5 Bxd5 28. cxd5 Nf8 29. Rc2 e6 30. Rc6 exd5 31. exd5 Nd7 32. Qc1 Ra8 33. Rxd6 Bf8 34. Bxb6 Qb8 35. Rxd7 Qxb6+ 36. Kh1 Qxb4 37. Rc7 Qd4 38. Rc4 Ra1 39. Rxd4 Rxc1 40. g4 Bc5 41. Rc4 Rxf1+ 42. Kg2 Rg1+ 43. Kh3 Bf8 44. Rd4 Bd6 45. f4 Kf8 46. Kh4 f5 47. gxf5 gxf5 48. Kh3 Rg4 49. Ra4 Rxf4 50. Ra7 Rf2 51. Kh4 Be7+ 52. Kg3 Rd2 53. Ra5 Bd6+ 54. Kh4 Bf4 55. h3 Be3 56. Kg3 f4+ 57. Kf3 Ke7 58. Ra6 Rxd5 59. Rh6 Rg5 60. Rxh7+ Kf6 61. h4 Rg7 62. Rh5 Re7 63. Kg4 Re5 64. Rh6+ Kg7 65. Ra6 Kf7 66. Rd6 Re6 67. Rd5 Rf6 68. Kf3 Ke6 69. Ra5 Rf5 70. Ra6+ Kf7 71. Rd6 Rf6 72. Rd5 Kg6 73. Rg5+ Kh6 74. Rd5 Rg6 75. Ke4 Rg4 76. Kf3 Rxh4 77. Ra5 Rh5 78. Ra6+ Kg5 79. Ra5+ Kh4 80. Ra8 Rh6 81. Ra1 Rg6 82. Rh1+ Kg5 83. Ra1 Bd2 84. Rb1 Rf6 85. Rb5+ Rf5 86. Rb8 Ra5 87. Rg8+ Kf5 88. Rf8+ Ke5 89. Re8+ Kd4 90. Rd8+ Kc3 91. Rc8+ Kd3 92. Rd8+ Kc2 93. Rc8+ Kd1 94. Rb8 Ra3+ 95. Kf2 Be1+ 96. Kf1 Rf3+ 97. Kg2 Rf2+ 98. Kg1 Rc2 99. Kf1 Bg3 100. Ra8 Kd2 101. Re8 f3 102. Rd8+ Ke3 103. Re8+ Kd4 104. Rd8+ Ke5 105. Rd1 Rh2 0-1

[Event "CZE-chT1W 2223"]
[Site "Czech Republic"]
[Date "2023.01.15"]
[Round "6.1"]
[White "Orsag, Milan"]
[Black "Soural, Jan"]
[Result "1/2-1/2"]
[WhiteElo "2307"]
[BlackElo "2211"]
[PlyCount "91"]
[EventDate "2022.10.09"]
[EventType "team-tourn"]
[EventRounds "11"]
[EventCountry "CZE"]
[SourceTitle "CBM 213 Extra"]
[Source "ChessBase"]
[SourceDate "2023.05.31"]
[SourceVersion "1"]
[SourceVersionDate "2023.05.31"]
[SourceQuality "1"]
[WhiteTeam "Neratovice"]
[BlackTeam "Pankrac"]
[WhiteTeamCountry "CZE"]
[BlackTeamCountry "CZE"]

1. d4 Nf6 2. c4 g6 3. Nc3 d5 4. cxd5 Nxd5 5. e4 Nxc3 6. bxc3 Bg7 7. Bc4 c5 8. Ne2 Nc6 9. Be3 0-0 10. 0-0 Bg4 11. f3 Na5 12. Bd3 cxd4 13. cxd4 Be6 14. Qa4 a6 15. Qb4 b5 16. Rfc1 Nc4 17. Bf2 f5 18. a4 fxe4 19. Bxe4 Rb8 20. axb5 axb5 21. Ra7 Qd6 22. Rb1 Rfc8 23. Bg3 Bxd4+ 24. Nxd4 Qxd4+ 25. Bf2 Qd6 26. Rxe7 Qxb4 27. Rxb4 Nd2 28. Bg3 Nxe4 29. Rxe4 Bf5 30. Bxb8 Bxe4 31. Be5 Bd5 32. Rg7+ Kf8 33. Rxh7 Bf7 34. Rh4 Rc4 35. Re4 Rxe4 36. fxe4 Ke7 37. Kf2 b4 38. Ke3 b3 39. Kf4 Bc4 40. Kg5 Bd3 41. Kf4 Ke6 42. Bb2 Be2 43. g3 Bd1 44. h4 Be2 45. Kg5 Kf7 46. Kf4 1/2-1/2

[Event "Prague Summer Holiday M1"]
[Site "Prague"]
[Date "2022.07.26"]
[Round "4"]
[White "Soural, Jan"]
[Black "Petras, Milan"]
[Result "1-0"]
[WhiteElo "2119"]
[BlackElo "1868"]
[PlyCount "71"]
[EventDate "2022.07.24"]
[EventType "tourn"]
[EventRounds "9"]
[EventCountry "CZE"]
[SourceTitle "CBM 209 Extra"]
[Source "ChessBase"]
[SourceDate "2022.09.30"]
[SourceVersion "1"]
[SourceVersionDate "2022.09.30"]
[SourceQuality "1"]

1. d4 Nf6 2. c4 e6 3. Nf3 Bb4+ 4. Bd2 Qe7 5. Nc3 b6 6. e3 Bb7 7. Bd3 0-0 8. 0-0 d6 9. Qc2 e5 10. d5 Nbd7 11. e4 h6 12. a3 Bxc3 13. Bxc3 Nc5 14. b4 Nxd3 15. Qxd3 Nh5 16. g3 Bc8 17. Nh4 Bh3 18. Rfe1 g6 19. Ng2 f5 20. f4 Bxg2 21. Kxg2 exf4 22. exf5 Qg5 23. Qd4 Kh7 24. fxg6+ Qxg6 25. Re6 Qf5 26. Rae1 Rf7 27. Re7 f3+ 28. Kf2 Raf8 29. Rxf7+ Rxf7 30. Qh8+ Kg6 31. Re6+ Nf6 32. Rxf6+ Rxf6 33. Qg8+ Kh5 34. g4+ Qxg4 35. Qxg4+ Kxg4 36. Bxf6 1-0